000 00420nam a2200133Ia 4500
005 20250424120317.0
008 250424s9999 xx 000 0 und d
022 _aJQ 3081.A1 .N67/
050 _aNPSA South-South journal of political science.
260 _b2020
260 _cix, 140 p. :ill. ; 27 cm.
300 _aPolitical science--Nigeria--Periodicals. Nigeria--Politics and government--Periodicals.
650 _aSR
999 _c38583
_d38583